000 007970000a22002650004500
999 _c43319
_d43319
001 14456
003 CO-MdBIC
005 20190521115553.0
008 190521b ||||| |||| 00| 0 eng d
020 _a[No incluye ISBN]
040 _aCO-MdFUSB
_bspa
_cCO-MdFUSB
_dCO-MdFUSBC
_erda
041 _aspa
082 0 4 _a57
_2G 572
_bM9719
100 _aMuñoz Muñoz, Jairo,
_eautor
245 1 0 _aAntropología cultural colombiana
_c/ Jairo Muñoz Muñoz
264 1 _aBogotá : Unidad Universitaria del Sur de Bogotá Unisur
_bUNISUR,
_c[1990]
264 4 _c© 1990
300 _a429 Pág.
_c; 21 cm
336 _atexto
_btxt
_2rdacontent
337 _2rdamedia
_asin mediación
_bn
338 _2rdacarrier
_avolumen
_bnc
563 _aRústico
650 1 4 _aANTROPOLOGIA CULTURAL
942 _cBK